00673nam a2200205Ia 450000500170000000800460001702000180006303700120008104000200009304100130011308400210012610000170014724500220016426000530018630000100023954600720024994200210032199900210034295201040036320250508165918.0008 250505s9999 xx 000 0 eng d a0-13-139981-0 aTextual aFEDLbengcFEDL aeng2eng a305.8, NANqFEDL aNavaria Ajay 0aUnclaimed terrain aNew Delhi, IndiabNarayana Publishing Ltd.c2013 a197p. aGifted by H.O.D. Namita Ranganathan in memory of Prof. Arvind Gaysu cTEXLh305.8, NAN c1398147d1398147 00104070aFEDLbFEDLd2025-05-08l0o305.8, NANpEL0091807r2025-05-08 16:59:18w2025-05-08yTEXL